00849 2200289 4500001002100000005001500021035002500036008004100061020002200102040001700124082001400141084001600155100001900171245007500190250001100265260004300276300005000319500003100369650002400400850001200424007000300436090002000439090002200459504003400481999002200515990002200537INLIS00000000001950320200716090312 a0010-041600000000507160427s2015 yoia gr ind d a978-602-99778-3-7 aYOPDYOGeind04222a731.4 a731.4 SUN p0 aSunartod1957-00aPunakawan nusantara :bbentuk, fungsi dan keanekaragamannya /cSunarto aCet. 23 aYogyakarta :bDinas Dikpora DIY,c2015 aix, 144 halaman :bilustrasi, gambar ;c24 cm aBibliografi : hlm. 133-137 4aSeni pahat (Wayang) aYOPDYOGta aDEP 731.4 SUN p aCB-D.11 2015-1660 aBibliografi : halaman 133-137 aCB-D.11/2015-1660 aCB-D.11/2015-1660